[Event "Regionalliga SO 1213"]
[Site "Bayern"]
[Date "2013.04.14"]
[Round "9.6"]
[White "Uhlmann, Helge"]
[Black "Stoppel, Michael"]
[Result "0-1"]
[WhiteElo "2028"]
[BlackElo "1893"]
[PlyCount "78"]
[EventDate "2012.10.14"]
[EventType "team-tourn"]
[EventRounds "9"]
[EventCountry "GER"]
[SourceTitle "EXT 2015"]
[Source "ChessBase"]
[SourceDate "2014.11.20"]
[SourceVersion "1"]
[SourceVersionDate "2014.11.20"]
[SourceQuality "1"]
[WhiteTeam "Graefelfing"]
[BlackTeam "Trostberg"]
[WhiteTeamCountry "GER"]
[BlackTeamCountry "GER"]

1. d4 Nf6 2. Nf3 g6 3. c4 Bg7 4. Nc3 0-0 5. e4 d6 6. Be2 e5 7. 0-0 Nc6 8. d5 Ne7 9. b4 Nh5 10. Re1 f5 11. Nd2 Nf6 12. Bf3 f4 13. c5 g5 14. h3 Ng6 15. Nc4 Nh4 16. Be2 Qd7 17. Bg4 Nxg4 18. Qxg4 Qd8 19. Qh5 Rf7 20. a4 Bf8 21. Ra3 Rg7 22. g3 Qd7 23. Qg4 Qxg4 24. hxg4 Nf3+ 25. Kf1 Nxe1 26. Kxe1 Bxg4 27. c6 b6 28. a5 Rb8 29. axb6 axb6 30. Ra7 h5 31. Nb5 Rc8 32. Nd2 fxg3 33. fxg3 h4 34. Nf1 Bf3 35. Nd2 Bg2 36. Kf2 h3 37. Kg1 Rf7 38. Nc3 g4 39. Nd1 Bh6 0-1

[Event "Regionalliga SO 1213"]
[Site "Bayern"]
[Date "2013.02.03"]
[Round "6.6"]
[White "Brem, Stephan"]
[Black "Uhlmann, Helge"]
[Result "0-1"]
[WhiteElo "2050"]
[BlackElo "2028"]
[PlyCount "78"]
[EventDate "2012.10.14"]
[EventType "team-tourn"]
[EventRounds "9"]
[EventCountry "GER"]
[SourceTitle "EXT 2015"]
[Source "ChessBase"]
[SourceDate "2014.11.20"]
[SourceVersion "1"]
[SourceVersionDate "2014.11.20"]
[SourceQuality "1"]
[WhiteTeam "Ebersberg Grafing"]
[BlackTeam "Graefelfing"]
[WhiteTeamCountry "GER"]
[BlackTeamCountry "GER"]

1. b3 c5 2. Bb2 b6 3. e3 Bb7 4. f4 Nf6 5. Nf3 e6 6. g3 Be7 7. Bg2 d6 8. 0-0 0-0 9. d3 Nd5 10. Qe2 Bf6 11. c3 Nd7 12. e4 Nc7 13. Na3 b5 14. Rad1 b4 15. cxb4 Bxb2 16. Qxb2 cxb4 17. Nc2 a5 18. Ncd4 Nc5 19. Rf2 Qd7 20. Bf1 Rfb8 21. g4 a4 22. g5 axb3 23. axb3 Ba6 24. h4 Nb5 25. Nxb5 Bxb5 26. h5 e5 27. Rg2 Qa7 28. Kh1 Qa3 29. fxe5 dxe5 30. Qxe5 Qxb3 31. h6 Ne6 32. Rdd2 Qc3 33. hxg7 Qxe5 34. Nxe5 Ra1 35. Kg1 Re8 36. Rgf2 Nxg5 37. Rf5 Rxe5 38. Kf2 Nxe4+ 39. dxe4 Rxf1+ 0-1

[Event "Regionalliga SO 1213"]
[Site "Bayern"]
[Date "2012.11.11"]
[Round "2.5"]
[White "Uhlmann, Helge"]
[Black "Thome, Volker"]
[Result "1-0"]
[WhiteElo "2028"]
[BlackElo "1924"]
[PlyCount "77"]
[EventDate "2012.10.14"]
[EventType "team-tourn"]
[EventRounds "9"]
[EventCountry "GER"]
[SourceTitle "EXT 2015"]
[Source "ChessBase"]
[SourceDate "2014.11.20"]
[SourceVersion "1"]
[SourceVersionDate "2014.11.20"]
[SourceQuality "1"]
[WhiteTeam "Graefelfing"]
[BlackTeam "Tegernsee"]
[WhiteTeamCountry "GER"]
[BlackTeamCountry "GER"]

1. Nf3 d5 2. d4 e6 3. c4 c6 4. g3 f5 5. Bg2 Nf6 6. 0-0 Bd6 7. Nc3 0-0 8. Bg5 h6 9. Bxf6 Qxf6 10. e3 Nd7 11. Nd2 Qf7 12. f4 g5 13. fxg5 hxg5 14. e4 dxe4 15. Ndxe4 Be7 16. d5 cxd5 17. cxd5 Nb6 18. d6 Bd8 19. Nc5 Nc4 20. d7 Ne3 21. Qd3 Nxg2 22. Kxg2 b6 23. dxc8Q Rxc8 24. Nd7 Re8 25. Rae1 Be7 26. Qe2 Bd6 27. Ne4 Be7 28. Ne5 Qg7 29. Nf2 Bb4 30. Rd1 Qb7+ 31. Qf3 Qg7 32. Nfd3 Rc2+ 33. Rf2 g4 34. Qf4 Qb7+ 35. Kg1 Rxf2 36. Qg5+ Kf8 37. Qf6+ Kg8 38. Nxf2 Bc5 39. Rd7 1-0

[Event "Regionalliga SO 1112"]
[Site "Bayern"]
[Date "2012.04.15"]
[Round "9.4"]
[White "Uhlmann, Helge"]
[Black "Stadler, Alexander"]
[Result "0-1"]
[WhiteElo "2053"]
[BlackElo "1991"]
[PlyCount "120"]
[EventDate "2011.10.02"]
[EventType "team-tourn"]
[EventRounds "9"]
[EventCountry "GER"]
[SourceTitle "EXT 2015"]
[Source "ChessBase"]
[SourceDate "2014.11.20"]
[SourceVersion "1"]
[SourceVersionDate "2014.11.20"]
[SourceQuality "1"]
[WhiteTeam "Graefelfing"]
[BlackTeam "Deggendorf"]
[WhiteTeamCountry "GER"]
[BlackTeamCountry "GER"]

1. d4 d6 2. c4 e5 3. Nf3 exd4 4. Nxd4 g6 5. Nc3 Bg7 6. Bf4 Nc6 7. e3 Nge7 8. Nb3 0-0 9. Be2 Ne5 10. 0-0 b6 11. Rc1 Be6 12. Nd5 c6 13. Nxe7+ Qxe7 14. Nd4 Bd7 15. Bg3 f5 16. Qd2 Rfd8 17. Rfd1 a6 18. Bf1 Be8 19. Qc2 Kh8 20. a4 c5 21. Ne2 Bf7 22. Nf4 Nc6 23. Rd2 Nb4 24. Qd1 Rd7 25. Be2 Rad8 26. Bf3 Be5 27. Nd5 Nxd5 28. Bxd5 Bxd5 29. Rxd5 Kg8 30. Qd2 Bxg3 31. hxg3 Qe4 32. b3 a5 33. Rd1 Qe7 34. Qc1 Qf6 35. R1d3 Re7 36. Qd1 Re6 37. g4 fxg4 38. Qxg4 Rf8 39. Rd2 Qa1+ 40. Rd1 Qf6 41. Qg3 Rd8 42. R1d3 Kf7 43. e4 Qe7 44. f3 Ke8 45. Qf4 Kd7 46. b4 axb4 47. a5 Kc7 48. axb6+ Kxb6 49. Qd2 Kc7 50. Qa2 Kb7 51. e5 Rxe5 52. Qa5 Rxd5 53. Qb5+ Kc7 54. Qa5+ Kd7 55. Qa4+ Ke6 56. Rxd5 Kf7 57. Qd1 Qf6 58. Qd2 Kg7 59. Qe3 Ra8 60. Rd1 Ra1 0-1

[Event "Regionalliga SO 1112"]
[Site "Bayern"]
[Date "2011.10.23"]
[Round "2.3"]
[White "Uhlmann, Helge"]
[Black "Kern, Johannes"]
[Result "1/2-1/2"]
[WhiteElo "2053"]
[BlackElo "2177"]
[PlyCount "41"]
[EventDate "2011.10.02"]
[EventType "team-tourn"]
[EventRounds "9"]
[EventCountry "GER"]
[SourceTitle "EXT 2013"]
[Source "ChessBase"]
[SourceDate "2012.11.22"]
[SourceVersion "1"]
[SourceVersionDate "2012.11.22"]
[SourceQuality "1"]
[WhiteTeam "Graefelfing"]
[BlackTeam "Trostberg"]
[WhiteTeamCountry "GER"]
[BlackTeamCountry "GER"]

1. d4 e6 2. Nf3 f5 3. c3 Nf6 4. Bg5 d5 5. e3 Bd6 6. Be2 0-0 7. 0-0 Nbd7 8. Nbd2 Qe8 9. Nb3 Ne4 10. Bf4 Qe7 11. Nc1 g5 12. Bxd6 cxd6 13. c4 dxc4 14. Bxc4 Nb6 15. Bd3 Bd7 16. Ne2 Rac8 17. Nd2 Nxd2 18. Qxd2 Nc4 19. Bxc4 Rxc4 20. Rfc1 Rcc8 21. Rxc8 1/2-1/2

[Event "Regionalliga SW 0607"]
[Site "Bayern"]
[Date "2007.04.22"]
[Round "9.3"]
[White "Uhlmann, Helge"]
[Black "Lederle, Vitus"]
[Result "1/2-1/2"]
[WhiteElo "2097"]
[BlackElo "2069"]
[PlyCount "53"]
[EventDate "2006.10.15"]
[EventType "team-tourn"]
[EventRounds "9"]
[EventCountry "GER"]
[SourceTitle "EXT 2008"]
[Source "ChessBase"]
[SourceDate "2007.11.25"]
[SourceVersion "1"]
[SourceVersionDate "2007.11.25"]
[SourceQuality "1"]
[WhiteTeam "Muenchen Tarrasch II"]
[BlackTeam "Dillingen"]
[WhiteTeamCountry "GER"]
[BlackTeamCountry "GER"]

1. d4 Nf6 2. Nf3 e6 3. g3 c5 4. Bg2 cxd4 5. Nxd4 d5 6. 0-0 Nc6 7. c4 Be7 8. cxd5 Nxd5 9. Nxc6 bxc6 10. e4 Nb6 11. Qc2 Qc7 12. Be3 0-0 13. Rc1 Bd7 14. Nd2 Rab8 15. Rab1 Rfc8 16. Nb3 Na4 17. Bf1 e5 18. Nc5 Nxc5 19. Bxc5 Bxc5 20. Qxc5 Be6 21. b4 Bxa2 22. Ra1 Be6 23. Rxa7 Qb6 24. b5 Qxc5 25. Rxc5 cxb5 26. Rxb5 Rxb5 27. Bxb5 1/2-1/2

[Event "Regionalliga SW 0607"]
[Site "Bayern"]
[Date "2007.02.25"]
[Round "6.6"]
[White "Uhlmann, Helge"]
[Black "Lapinskaite, Sarune"]
[Result "1/2-1/2"]
[WhiteElo "2097"]
[BlackElo "2044"]
[PlyCount "79"]
[EventDate "2006.10.15"]
[EventType "team-tourn"]
[EventRounds "9"]
[EventCountry "GER"]
[SourceTitle "EXT 2008"]
[Source "ChessBase"]
[SourceDate "2007.11.25"]
[SourceVersion "1"]
[SourceVersionDate "2007.11.25"]
[SourceQuality "1"]
[WhiteTeam "Muenchen Tarrasch II"]
[BlackTeam "Bayern Muenchen III"]
[WhiteTeamCountry "GER"]
[BlackTeamCountry "GER"]

1. d4 Nf6 2. Nf3 g6 3. c4 Bg7 4. Nc3 d6 5. e4 0-0 6. Be2 e5 7. 0-0 Nc6 8. d5 Ne7 9. b4 Ne8 10. a4 f5 11. c5 Kh8 12. Nd2 c6 13. Nc4 fxe4 14. Bg5 h6 15. cxd6 Nxd6 16. dxc6 hxg5 17. cxb7 Nxb7 18. Nxe4 Qxd1 19. Rfxd1 g4 20. a5 Bf5 21. a6 Nd8 22. Ned6 Ndc6 23. b5 Nd4 24. Bf1 Nd5 25. Rac1 Bh6 26. Ra1 Nc3 27. Nxf5 Rxf5 28. Rd3 Nce2+ 29. Bxe2 Nxe2+ 30. Kf1 Raf8 31. f3 gxf3 32. g4 Rf4 33. Nxe5 Kg7 34. b6 Rd4 35. Rb3 Bf4 36. Nxf3 Re4 37. Re1 Rc8 38. Kf2 axb6 39. a7 b5 40. Ra3 1/2-1/2

[Event "Landesliga Sued 0405"]
[Site "Bayern"]
[Date "2004.11.28"]
[Round "3.4"]
[White "Stoer, Andreas"]
[Black "Uhlmann, Helge"]
[Result "1-0"]
[WhiteElo "2144"]
[BlackElo "2119"]
[PlyCount "93"]
[EventDate "2004.10.24"]
[EventType "team-tourn"]
[EventRounds "9"]
[EventCountry "GER"]
[SourceTitle "EXT 2007"]
[Source "ChessBase"]
[SourceDate "2006.11.23"]
[SourceVersion "1"]
[SourceVersionDate "2006.11.23"]
[SourceQuality "1"]
[WhiteTeam "Kriegshaber SK"]
[BlackTeam "Muenchen Schwabing/Nord"]
[WhiteTeamCountry "GER"]
[BlackTeamCountry "GER"]

1. c4 c5 2. Nf3 b6 3. g3 Bb7 4. Bg2 Nf6 5. 0-0 e6 6. Nc3 Be7 7. Re1 d6 8. e4 Nbd7 9. d4 cxd4 10. Nxd4 Qc7 11. Ndb5 Qb8 12. f4 a6 13. Nd4 0-0 14. f5 e5 15. Nc2 b5 16. cxb5 axb5 17. Nb4 Nb6 18. Qe2 Rc8 19. Be3 Rc4 20. Bxb6 Rxb4 21. Bf2 Bc6 22. Rac1 Qb7 23. a3 Rc4 24. b3 Rc5 25. Bxc5 dxc5 26. Nd5 Nxd5 27. exd5 Bxd5 28. Qxe5 Bxg2 29. Qxe7 Qxe7 30. Rxe7 Kf8 31. Re5 Bh3 32. Rcxc5 g6 33. fxg6 hxg6 34. Rxb5 Rxa3 35. Re2 Kg7 36. Rb7 Bc8 37. Rc7 Bg4 38. Rb2 Kf6 39. Kf2 Ke6 40. b4 Rf3+ 41. Ke1 Kd6 42. Rc1 Re3+ 43. Kf2 Rf3+ 44. Kg1 Be6 45. b5 Bd5 46. b6 Bb7 47. Rd2+ 1-0

[Event "Oberliga Bayern 0304"]
[Site "Bayern"]
[Date "2004.03.28"]
[Round "8.8"]
[White "Krauseneck, Peter"]
[Black "Uhlmann, Helge"]
[Result "0-1"]
[WhiteElo "2135"]
[BlackElo "2102"]
[PlyCount "96"]
[EventDate "2003.10.12"]
[EventType "team-tourn"]
[EventRounds "9"]
[EventCountry "GER"]
[SourceTitle "EXT 2006"]
[Source "ChessBase"]
[SourceDate "2005.11.24"]
[SourceVersion "1"]
[SourceVersionDate "2005.11.24"]
[SourceQuality "1"]
[WhiteTeam "Bamberg"]
[BlackTeam "Muenchen Schwabing"]
[WhiteTeamCountry "GER"]
[BlackTeamCountry "GER"]

1. e4 Nf6 2. e5 Nd5 3. d4 d6 4. c4 Nb6 5. f4 Bf5 6. Nf3 e6 7. Be2 dxe5 8. c5 Nd5 9. fxe5 Be7 10. 0-0 Nc6 11. a3 a5 12. Nc3 0-0 13. Bc4 Bg4 14. Nxd5 exd5 15. Bb5 f6 16. exf6 Bxf6 17. Be3 Ne7 18. Qd2 Nf5 19. Ne5 Bxe5 20. dxe5 c6 21. Bd3 Nxe3 22. Qxe3 Qe7 23. Qd4 Qe6 24. Rxf8+ Rxf8 25. b4 Bf5 26. Bf1 a4 27. Re1 Qg6 28. Re3 Be4 29. Rg3 Qf5 30. Be2 g6 31. h4 Qf4 32. Rg4 Qc1+ 33. Kh2 Qe1 34. Rxe4 dxe4 35. Qxe4 Qf2 36. Bf3 Qb2 37. Kg3 Rf5 38. Qc4+ Kf8 39. e6 Qe5+ 40. Kh3 Ke7 41. Qc2 Qd4 42. Qxa4 Rf4 43. Qa8 Rxh4+ 44. Kg3 Qf4+ 45. Kf2 Qd2+ 46. Be2 Qd4+ 47. Ke1 Rh1+ 48. Bf1 Qe3+ 0-1

[Event "Oberliga Bayern 0304"]
[Site "Bayern"]
[Date "2003.12.14"]
[Round "4.8"]
[White "Buchner, Rudolf"]
[Black "Uhlmann, Helge"]
[Result "0-1"]
[WhiteElo "2107"]
[BlackElo "2102"]
[PlyCount "84"]
[EventDate "2003.10.12"]
[EventType "team-tourn"]
[EventRounds "9"]
[EventCountry "GER"]
[SourceTitle "EXT 2006"]
[Source "ChessBase"]
[SourceDate "2005.11.24"]
[SourceVersion "1"]
[SourceVersionDate "2005.11.24"]
[SourceQuality "1"]
[WhiteTeam "Muenchen Tarrasch"]
[BlackTeam "Muenchen Schwabing"]
[WhiteTeamCountry "GER"]
[BlackTeamCountry "GER"]

1. e4 c5 2. Nf3 Nc6 3. d4 cxd4 4. Nxd4 e5 5. Nb5 a6 6. Nd6+ Bxd6 7. Qxd6 Qe7 8. Qd1 d6 9. Nc3 Be6 10. Be3 Nf6 11. Be2 0-0 12. 0-0 b5 13. Qd2 Qb7 14. f3 b4 15. Na4 Rfd8 16. Rfd1 Ne7 17. Kh1 h6 18. Rac1 Rab8 19. Qe1 Qc6 20. b3 d5 21. Nc5 Bc8 22. Nd3 Qc7 23. Nxb4 dxe4 24. Rxd8+ Qxd8 25. Bc5 Bb7 26. Rd1 Qe8 27. c4 exf3 28. Bxf3 e4 29. Be2 Ng6 30. Qg3 Rd8 31. Rxd8 Qxd8 32. Qd6 Qc8 33. Nd5 Bxd5 34. cxd5 Qf5 35. Qxa6 Qxd5 36. Qc4 Qd2 37. Bb4 Qxa2 38. g3 Kh7 39. Bd6 Qd2 40. Bc7 Nd5 41. Bf1 Qf2 42. Bh3 Qe1+ 0-1

[Event "Regionalliga SW 9900"]
[Site "Bayern"]
[Date "2000.??.??"]
[Round "7.3"]
[White "Uhlmann, Helge"]
[Black "Pleyer, Felix"]
[Result "1-0"]
[WhiteElo "2095"]
[BlackElo "1930"]
[PlyCount "75"]
[EventDate "1999.??.??"]
[EventType "team-tourn"]
[EventRounds "9"]
[EventCountry "GER"]
[SourceTitle "EXT 2020"]
[Source "ChessBase"]
[SourceDate "2019.10.17"]
[SourceVersion "1"]
[SourceVersionDate "2019.10.17"]
[SourceQuality "1"]
[WhiteTeam "Pasing II"]
[BlackTeam "Sonthofen"]
[WhiteTeamCountry "GER"]
[BlackTeamCountry "GER"]

1. c4 Nf6 2. Nc3 g6 3. e4 d6 4. d4 Bg7 5. Nf3 0-0 6. Be2 c5 7. 0-0 Bg4 8. Be3 Nfd7 9. d5 Na6 10. Ne1 Bxe2 11. Qxe2 Nc7 12. a4 Rb8 13. Nc2 a6 14. Na3 e6 15. Rad1 exd5 16. cxd5 b5 17. axb5 axb5 18. Naxb5 Nxb5 19. Nxb5 Qb6 20. Na3 Rfe8 21. Nc4 Qb5 22. Qc2 Bf8 23. Bf4 Ne5 24. Bxe5 dxe5 25. Rd3 Qa6 26. Ra3 Qf6 27. Rfa1 Red8 28. Ra6 Qf4 29. g3 Qg5 30. Qc3 Bg7 31. Rc6 h5 32. Ra7 h4 33. Qf3 Qc1+ 34. Kg2 h3+ 35. Kxh3 Qf1+ 36. Kh4 f5 37. Rxg6 Qxc4 38. Rgxg7+ 1-0

[Event "Regionalliga SW 9899"]
[Site "Bayern"]
[Date "1999.??.??"]
[Round "5.2"]
[White "Uhlmann, Helge"]
[Black "Mueller, Christian"]
[Result "1/2-1/2"]
[WhiteElo "2075"]
[BlackElo "1671"]
[PlyCount "25"]
[EventDate "1998.??.??"]
[EventType "team-tourn"]
[EventRounds "9"]
[EventCountry "GER"]
[SourceTitle "EXT 2020"]
[Source "ChessBase"]
[SourceDate "2019.10.17"]
[SourceVersion "1"]
[SourceVersionDate "2019.10.17"]
[SourceQuality "1"]
[WhiteTeam "Pasing II"]
[BlackTeam "Noerdlingen"]
[WhiteTeamCountry "GER"]
[BlackTeamCountry "GER"]

1. e4 e6 2. d4 d5 3. exd5 exd5 4. Bd3 c5 5. Nf3 Nf6 6. 0-0 Be7 7. dxc5 0-0 8. Nbd2 Bxc5 9. Nb3 Bd6 10. Bg5 h6 11. Bh4 Nc6 12. Nbd4 Bg4 13. Bf5 1/2-1/2

[Event "Regionalliga SW 9798"]
[Site "Bayern"]
[Date "1997.??.??"]
[Round "?.2"]
[White "Uhlmann, Helge"]
[Black "Christensen, Niels"]
[Result "0-1"]
[WhiteElo "2110"]
[BlackElo "2005"]
[PlyCount "72"]
[EventDate "1997.10.??"]
[EventType "team-tourn"]
[EventRounds "9"]
[EventCountry "GER"]
[SourceTitle "EXT 2020"]
[Source "ChessBase"]
[SourceDate "2019.10.17"]
[SourceVersion "1"]
[SourceVersionDate "2019.10.17"]
[SourceQuality "1"]
[WhiteTeam "Pasing II"]
[BlackTeam "Muenchen FC Bayern II"]
[WhiteTeamCountry "GER"]
[BlackTeamCountry "GER"]

1. d4 d5 2. Nf3 Nf6 3. c4 c6 4. Nc3 e6 5. g3 Nbd7 6. Bg2 dxc4 7. a4 Bb4 8. 0-0 0-0 9. Bf4 Nd5 10. Bd2 Bxc3 11. bxc3 b5 12. e4 Ne7 13. Bc1 Bb7 14. Qc2 Re8 15. h4 a6 16. e5 h6 17. g4 Qc7 18. Nd2 c5 19. Bxb7 Qxb7 20. Ne4 cxd4 21. cxd4 Qd5 22. g5 Nf5 23. Qe2 Nxd4 24. Qg4 h5 25. Qg2 Nxe5 26. f4 Nef3+ 27. Rxf3 Qxe4 28. Rf2 Qxg2+ 29. Kxg2 b4 30. Be3 Red8 31. a5 Nf5 32. Bc5 Rab8 33. Rc2 Rbc8 34. Bb6 Rd3 35. Ra4 c3 36. g6 b3 0-1

[Event "Regionalliga SW 9697"]
[Site "Bayern"]
[Date "1997.??.??"]
[Round "?"]
[White "Uhlmann, Helge"]
[Black "Killinger, Wilhelm"]
[Result "0-1"]
[WhiteElo "2095"]
[BlackElo "2005"]
[PlyCount "96"]
[EventDate "1996.10.??"]
[EventType "team-tourn"]
[EventRounds "9"]
[EventCountry "GER"]
[SourceTitle "EXT 1999"]
[Source "ChessBase"]
[SourceDate "1998.11.16"]
[SourceVersion "1"]
[SourceVersionDate "1998.11.16"]
[SourceQuality "1"]
[WhiteTeam "Pasing II"]
[BlackTeam "Obermenzing"]
[WhiteTeamCountry "GER"]
[BlackTeamCountry "GER"]

1. d4 Nf6 2. c4 g6 3. Nc3 Bg7 4. e4 0-0 5. Nf3 d6 6. Be2 e5 7. 0-0 Nc6 8. d5 Ne7 9. Ne1 Nd7 10. Nd3 h6 11. Be3 f5 12. f3 f4 13. Bf2 Nf6 14. c5 g5 15. Rc1 Ng6 16. cxd6 cxd6 17. Nb5 Rf7 18. Nxa7 Bd7 19. a4 Bf8 20. Nb5 Bxb5 21. axb5 Rg7 22. Rc4 h5 23. Kh1 Nh8 24. b6 g4 25. Bg1 Rc8 26. Qc2 Rxc4 27. Qxc4 h4 28. Rc1 h3 29. gxh3 g3 30. hxg3 Nh5 31. Kh2 fxg3+ 32. Kg2 Ng6 33. Be3 Nh4+ 34. Kg1 Qf6 35. Rf1 g2 36. Rf2 Rg3 37. Qc8 Nf4 38. Bxf4 exf4 39. Ne1 Qd4 40. Nd3 Qe3 41. Qe6+ Kg7 42. Qd7+ Kh8 43. Qf7 Ng6 44. Qf5 Bg7 45. e5 Bxe5 46. Qe4 Bd4 47. Qxe3 Bxe3 48. Bd1 Ne5 0-1